VISIKI (Record no. 216593)
[ view plain ]
| 000 -LEADER | |
|---|---|
| fixed length control field | 00374nam a22001457a 4500 |
| 008 - FIXED-LENGTH DATA ELEMENTS--GENERAL INFORMATION | |
| fixed length control field | 260223b |||||||| |||| 00| 0 eng d |
| 020 ## - INTERNATIONAL STANDARD BOOK NUMBER | |
| International Standard Book Number | 9966-46-204-x |
| 100 ## - MAIN ENTRY--PERSONAL NAME | |
| Personal name | ONGETI, KHAEMBA |
| 245 ## - TITLE STATEMENT | |
| Title | VISIKI |
| 260 ## - PUBLICATION, DISTRIBUTION, ETC. | |
| Place of publication, distribution, etc. | NAIROBI |
| Name of publisher, distributor, etc. | EAST AFRICAN EDUCATIONAL PUBLISHERS |
| Date of publication, distribution, etc. | 2001 |
| 300 ## - PHYSICAL DESCRIPTION | |
| Extent | IV, 59P. |
| 650 ## - SUBJECT ADDED ENTRY | |
| Topical term or geographic name entry element | SWAHILI FICTION |
| 942 ## - ADDED ENTRY ELEMENTS (KOHA) | |
| Source of classification or shelving scheme | Library of Congress Classification |
| Koha item type | Long Loan Book |
| Withdrawn status | Lost status | Source of classification or shelving scheme | Damaged status | Not for loan | Collection | Home library | Current library | Date acquired | Inventory number | Total checkouts | Full call number | Barcode | Date last seen | Copy number | Price effective from | Koha item type |
|---|---|---|---|---|---|---|---|---|---|---|---|---|---|---|---|---|
| Library of Congress Classification | Arts & Social Sciences | Kisii University Library | Kisii University Library | 02/23/2026 | 111387 | PL 8704 .V57 O54 2001 | A000627 | 02/23/2026 | 1 | 02/23/2026 | Long Loan Book | |||||
| Library of Congress Classification | Arts & Social Sciences | Kisii University Library | Kisii University Library | 02/23/2026 | 111388 | PL 8704 .V57 O54 2001 | A000629 | 02/23/2026 | 2 | 02/23/2026 | Long Loan Book | |||||
| Library of Congress Classification | Arts & Social Sciences | Kisii University Library | Kisii University Library | 02/23/2026 | 111389 | PL 8704 .V57 O54 2001 | A000646 | 02/23/2026 | 3 | 02/23/2026 | Long Loan Book | |||||
| Library of Congress Classification | Arts & Social Sciences | Kisii University Library | Kisii University Library | 02/23/2026 | 111390 | PL 8704 .V57 O54 2001 | A000645 | 02/23/2026 | 4 | 02/23/2026 | Long Loan Book | |||||
| Library of Congress Classification | Arts & Social Sciences | Kisii University Library | Kisii University Library | 02/23/2026 | 111391 | PL 8704 .V57 O54 2001 | A000630 | 02/23/2026 | 5 | 02/23/2026 | Long Loan Book | |||||
| Library of Congress Classification | Arts & Social Sciences | Kisii University Library | Kisii University Library | 02/23/2026 | 111392 | PL 8704 .V57 O54 2001 | A000643 | 02/23/2026 | 6 | 02/23/2026 | Long Loan Book | |||||
| Library of Congress Classification | Arts & Social Sciences | Kisii University Library | Kisii University Library | 02/23/2026 | 111393 | PL 8704 .V57 O54 2001 | A000644 | 02/23/2026 | 7 | 02/23/2026 | Long Loan Book | |||||
| Library of Congress Classification | Arts & Social Sciences | Kisii University Library | Kisii University Library | 02/23/2026 | 111394 | PL 8704 .V57 O54 2001 | A000642 | 02/23/2026 | 8 | 02/23/2026 | Long Loan Book | |||||
| Library of Congress Classification | Arts & Social Sciences | Kisii University Library | Kisii University Library | 02/23/2026 | 111395 | PL 8704 .V57 O54 2001 | A000641 | 02/23/2026 | 9 | 02/23/2026 | Long Loan Book | |||||
| Library of Congress Classification | Arts & Social Sciences | Kisii University Library | Kisii University Library | 02/23/2026 | 111396 | PL 8704 .V57 O54 2001 | A000639 | 02/23/2026 | 10 | 02/23/2026 | Long Loan Book |